000 00843nam a2200241 i 4500
001 12745
003 ES-MaACL
005 20230906150403.0
007 t|
008 951120s1982 sp b |||| | spa j
020 _a84-7232-304-8
080 _a338(83)"18/19"
080 _a016:338(83)"18/19"
100 1 _aCariola Sutter, Carmen.
_935249
245 1 3 _aLa historia económica de Chile, 1830 y 1930
_b: dos ensayos y una bibliografía /
_cCarmen Cariola Sutter, Osvaldo Sunkel.
260 _aMadrid :
_bCultura Hispánica,
_c1982.
300 _a342 p. ;
_c24 cm.
651 4 _aChile-
_xSituación económica-
_yS.XIX.
_9167764
651 4 _aChile-
_xSituación económica-
_yS.XX.
_9167765
651 4 _aChile-
_xSituación económica-
_yS.XIX-
_vBibliografías.
_9167766
700 1 _aSunkel, Osvaldo.
_9108786
852 _aES-MaACL
_jL-20046
999 _c12745
_d12745